00752nam a22001697a 4500003000900000008004100009040007100050082002500121100002800146245009000174260006100264300003900325505015100364650003100515650001500546650002100561AR-CdUCM190506b ||||| |||| 00| 0 spa d aMUNICIPALIDAD PROVINCIAL DEL CUSCOcBIBLIOTECA MUNICIPAL DEL CUSCO 23eda869.0094 /bS21 aSánchez, Luis Alberto aBalance y liquidación del novecientos :b¿tuvimos maestros en nuestra América? / aLima :bUniversidad Nacional Mayor de San Marcos,c1968. a238 páginas ;bRetratos,c21 cm. aContenido: Antesala del modernismo -- El modernismo, hecho social -- Melefico toda actitud del arte -- A falta de laureles -- Rodó, el guía... aLiteratura latinoamericana aModernismo aAmérica Latina